| 000 | 00783nam a22002177a 4500 | ||
|---|---|---|---|
| 999 |
_c20305 _d20305 |
||
| 003 | AR-CdUCM | ||
| 008 | 190504b ||||| |||| 00| 0 spa d | ||
| 040 |
_aMUNICIPALIDAD PROVINCIAL DEL CUSCO _cBIBLIOTECA MUNICIPAL DEL CUSCO |
||
| 082 |
_a981.05/ _bC29 |
||
| 100 |
_aCastro, Josué de _94197 |
||
| 245 |
_aUna zona explosiva en América Latina : _bEl Nordeste Brasileño / |
||
| 260 |
_aBuenos Aires : _bSolar, _c1965. |
||
| 300 |
_a247 páginas ; _c20 cm. |
||
| 440 |
_aDimensión Americana _942441 |
||
| 505 | _aContenido : Siete palmos de tierra y un cajón -- Novecientos mil kilómetros cuadrados de sufrimiento -- Años decisivos.. | ||
| 650 |
_aHistoria _9136 |
||
| 650 |
_aBrazil _935877 |
||
| 650 |
_aHistoria cultural _942442 |
||
| 942 |
_2ddc _cLIBROS |
||
| 945 | _arcc | ||